| 000 | 00737nam a22002411 4500 | ||
|---|---|---|---|
| 001 | 6535 | ||
| 003 | BD-RjUL | ||
| 005 | 20211208234248.0 | ||
| 008 | 110114s1957 nyua 000 0 eng | ||
| 035 | _a(BD-RjUL)6576 | ||
| 040 |
_aDLC/ICU _cICU _dDLC _dBD-RjUL _beng |
||
| 041 | _aeng | ||
| 082 | 0 | 0 |
_a517.38 _218 _bSNE 1957 |
| 100 | 1 |
_aSneddon, Ian Naismith. _920450 |
|
| 245 | 1 | 0 |
_aElements of partial differential equations / _cIan Naismith Sneddon. |
| 260 |
_aNew York, _bMcGraw-Hill, _c1957. |
||
| 300 |
_a327 p. ; _billus. : _c24 cm. |
||
| 650 | 0 |
_aDifferential equations, Partial. _919714 |
|
| 942 |
_2ddc _cBK |
||
| 999 |
_c6535 _d6535 |
||